UM Logo

Island of glass / (Record no. 15361)

MARC details
000 -LEADER
fixed length control field 02517cam a2200337 i 4500
001 - CONTROL NUMBER
control field 19038487
005 - DATE AND TIME OF LATEST TRANSACTION
control field 20200610135227.0
008 - FIXED-LENGTH DATA ELEMENTS--GENERAL INFORMATION
fixed length control field 160331s2016 nyu 000 1 eng
010 ## - LIBRARY OF CONGRESS CONTROL NUMBER
LC control number 2016009062
020 ## - INTERNATIONAL STANDARD BOOK NUMBER
International Standard Book Number 978-0-425-28012-6 (paperback)
040 ## - CATALOGING SOURCE
Original cataloging agency DLC
Language of cataloging eng
Transcribing agency DLC
Description conventions rda
Modifying agency DLC
042 ## - AUTHENTICATION CODE
Authentication code pcc
050 00 - LIBRARY OF CONGRESS CALL NUMBER
Classification number PS3568.O243
Item number I853 2016
082 00 - DEWEY DECIMAL CLASSIFICATION NUMBER
Classification number DFic
Edition number 2016
Item number R541
084 ## - OTHER CLASSIFICATION NUMBER
Classification number FIC027020
-- FIC027120
Number source bisacsh
100 1# - MAIN ENTRY--PERSONAL NAME
Personal name Roberts, Nora,
Relator term author.
9 (RLIN) 42202
245 10 - TITLE STATEMENT
Title Island of glass /
Statement of responsibility, etc. Nora Roberts.
250 ## - EDITION STATEMENT
Edition statement First edition.
260 ## - PUBLICATION, DISTRIBUTION, ETC. (IMPRINT)
Place of publication, distribution, etc. New York :
Name of publisher, distributor, etc. Berkley,
Date of publication, distribution, etc. [2016]
300 ## - PHYSICAL DESCRIPTION
Extent 339 pages ;
Dimensions 21 cm.
490 0# - SERIES STATEMENT
Series statement Guardians trilogy ;
Volume/sequential designation book 3
520 ## - SUMMARY, ETC.
Summary, etc. "The final Guardians Trilogy novel from the #1 New York Times bestselling author of Bay of Sighs and Stars of Fortune...Three stars--of fire, water, and ice--have fallen from the skies, and now three women and three men have come together to find them. But on the quest for the final star, they'll discover that possessing it won't be enough to stop the destruction of themselves--and of their world... As the hunt for the Ice Star leads the six guardians to Ireland, Doyle, the immortal, must face his tragic past. Three centuries ago, he closed off his heart, yet his warrior spirit is still drawn to the wild. And there's no one more familiar with the wild than Riley--and the wolf within her. An archaeologist, Riley is no stranger to the coast of Clare, but now she finds herself on unsure footing, targeted by the dark goddess who wants more than the stars, more than the blood of the guardians. While searching through Irish history for clues that will lead them to the final star and the mysterious Island of Glass, Riley must fight her practical nature and admit that her sudden attraction to Doyle is more than just a fling. For it is his strength that will sustain her and give her the power to run toward love--and save them all.."--
650 #7 - SUBJECT ADDED ENTRY--TOPICAL TERM
Topical term or geographic name as entry element FICTION / Romance / Contemporary.
Source of heading or term bisacsh
9 (RLIN) 42203
650 #7 - SUBJECT ADDED ENTRY--TOPICAL TERM
Topical term or geographic name as entry element FICTION / Romance / Paranormal.
Source of heading or term bisacsh
9 (RLIN) 42204
655 #7 - INDEX TERM--GENRE/FORM
Genre/form data or focus term Fantasy fiction.
Source of term gsafd
-- 39172
776 08 - ADDITIONAL PHYSICAL FORM ENTRY
Relationship information Online version:
Main entry heading Roberts, Nora, author.
Title Island of glass
Edition Berkley trade paperback edition.
Place, publisher, and date of publication New York : Berkley Books, 2016
International Standard Book Number 9780698190757
Record control number (DLC) 2016015742
365 ## - TRADE PRICE
Price amount 230.00
Currency code Php
906 ## - LOCAL DATA ELEMENT F, LDF (RLIN)
a 7
b cbc
c orignew
d 1
e ecip
f 20
g y-gencatlg
942 ## - ADDED ENTRY ELEMENTS (KOHA)
Source of classification or shelving scheme Dewey Decimal Classification
Koha item type Fiction
Holdings
Withdrawn status Lost status Source of classification or shelving scheme Damaged status Not for loan Collection code Home library Current library Shelving location Date acquired Source of acquisition Cost, normal purchase price Total Checkouts Full call number Barcode Date last seen Date last checked out Copy number Price effective from Koha item type
    Dewey Decimal Classification     Fiction UM Digos College - LIC UM Digos College - LIC Book Cart 11/22/2019 Purchased 230.00 1 DFic R541 2016 25990 05/15/2025 04/02/2024 1 06/10/2020 Fiction